Szczegóły MARC21

Koniec gotówki cyfrowy juan : rewolucja finansowa w Chinach : nowy globalny system walutowy? /

003 -Nazwa inst., której nr kontr. jest w polu 001 [,]
    • @
    • Nazwa instytucji, której n kontrolny jest w polu 001
    • NUKAT
005 -DATA I CZAS OSTATNIEJ MODYFIKACJI [,]
    • @
    • pole kontrolne
    • 20241231091055.0
020 -Międzynarod. znormalizowany nr książki - ISBN [ , ]
    • a
    • Numer ISBN
    • 9788366814349 Find
040 -Instytucja sporządzająca opis [ , ]
    • a
    • Instytucja, która sporządziła opis (NP)
    • KR 7/AK
    • b
    • Język katalogowania
    • pol
    • e
    • Zasady katalogowania
    • rda
    • c
    • Instytucja, która sporządziła rekord (NP)
    • KR 7/AKs
    • d
    • Instytucja, która zmodyfikowała rekord (P)
    • KR 7/AK
    • d
    • Instytucja, która zmodyfikowała rekord (P)
    • WA 14/MK
041 -Język dokumentu [1, ]
    • a
    • Język tekstu (P)
    • polski
    • h
    • Język tekstu oryginalnego i/lub pośredniego (P)
    • angielski
942 -Rodzaj dokumentu [ , ]
    • c
    • Rodzaj dokumentu
    • Książka
100 -Hasło główne - nazwa osobowa [1, ]
    • a
    • Nazwa osobowa (NP)
    • Turrin, Richard.
    • e
    • Rodzaj współpracy
    • Autor
    • 9
    • KHW
    • 624836
245 -Strefa tytułu i oznaczenia odpowiedzialności [1,0]
    • a
    • Tytuł
    • Koniec gotówki cyfrowy juan : Find
    • b
    • Ciąg dalszy tytułu (NP)
    • rewolucja finansowa w Chinach : nowy globalny system walutowy? / Find
    • c
    • Pozostałe elementy strefy tytułu i oznaczenia odpowiedzialności (NP)
    • Richard Turrin ; tłumaczenie: Albert Borowiecki.
246 -Wariant tytułu [1, ]
    • i
    • Tekst wyświetlany na ekranie monitora (NP)
    • Tytuł oryginału:
    • a
    • Tytuł (NP)
    • Cashless :
    • b
    • Ciąg dalszy tytułu (NP)
    • China's digital currency revolution
260 -Strefa adresu wydawniczego [ , ]
    • a
    • Miejsce wydania (P)
    • Warszawa :
    • b
    • Nazwa wydawcy (P)
    • Zona Zero,
    • c
    • Data wydania (P)
    • © copyright 2022.
300 -Strefa opisu fizycznego [ , ]
    • a
    • Określenie formy książki i/lub objętość (NP)
    • 350, [1] strona :
    • b
    • Oznaczenie ilustracji (NP)
    • ilustracje ;
    • c
    • Format (NP)
    • 24 cm.
336 -Typ zawartości [ , ]
    • a
    • Termin opisujący typ zawartości
    • Tekst
    • b
    • Kod określający zawartość
    • txt
    • 2
    • Źródło (terminu i kodu)
    • rdacontent
337 -Typ mediów [ , ]
    • a
    • Tryb odtwarzania
    • Bez urządzenia pośredniczącego
    • b
    • Kod typu mediów
    • n
    • 2
    • Źródło (terminu i kodu)
    • rdamedia
338 -Typ/rodzaj nośnika [ , ]
    • a
    • Hasło opisujące typ nośnika
    • Wolumin
    • b
    • Kod typu nośnika
    • nc
    • 2
    • Źródło (terminu i kodu)
    • rdacarrier
380 -Deskryptor - Forma dzieła (P) [ , ]
    • a
    • forma dzieła (NP)
    • Książki
380 -Deskryptor - Forma dzieła (P) [ , ]
    • a
    • forma dzieła (NP)
    • Publikacje popularnonaukowe
388 -Deskryptor - czas powstania dzieła (P) [1, ]
    • a
    • Czas powstania dzieła (NP)
    • 2001-
504 -Uwaga dot. bibliogr. załącznikowej [ , ]
    • a
    • Uwaga dot. bibliografii załącznikowej
    • Bibliografia na stronach 337-[351].
650 -Hasło przedmiotowe [ ,7]
    • a
    • Hasło przedmiotowe
    • Pieniądz elektroniczny
    • z
    • Określnik geograficzny
    • Chiny.
    • 2
    • Źródło terminu
    • kaba
    • 9
    • KHW
    • 624932
650 -Hasło przedmiotowe [ ,7]
    • a
    • Hasło przedmiotowe
    • Bitcoin
    • z
    • Określnik geograficzny
    • Chiny.
    • 2
    • Źródło terminu
    • kaba
    • 9
    • KHW
    • 624931
650 -Hasło przedmiotowe [ ,7]
    • a
    • Hasło przedmiotowe
    • Bank centralny
    • 2
    • Źródło terminu
    • DBN
    • 9
    • KHW
    • 730373
650 -Hasło przedmiotowe [ ,7]
    • a
    • Hasło przedmiotowe
    • Emisja pieniądza
    • 2
    • Źródło terminu
    • DBN
650 -Hasło przedmiotowe [ ,7]
    • a
    • Hasło przedmiotowe
    • FinTech
    • 2
    • Źródło terminu
    • DBN
650 -Hasło przedmiotowe [ ,7]
    • a
    • Hasło przedmiotowe
    • Juan (pieniądz)
    • 2
    • Źródło terminu
    • DBN
650 -Hasło przedmiotowe [ ,7]
    • a
    • Hasło przedmiotowe
    • Obrót bezgotówkowy
    • 2
    • Źródło terminu
    • DBN
    • 9
    • KHW
    • 738221
650 -Hasło przedmiotowe [ ,7]
    • a
    • Hasło przedmiotowe
    • System walutowy
    • 2
    • Źródło terminu
    • DBN
    • 9
    • KHW
    • 722988
651 -Hasło przedmiotowe w formie nazwy geograficznej [ ,7]
    • a
    • Nazwa geograficzna
    • Chiny
    • 2
    • Źródło terminu
    • DBN
    • 9
    • KHW
    • 721190
655 -Hasło w funkcji tematu formalnego [ ,7]
    • a
    • Hasło
    • Opracowanie
    • 2
    • Źródło terminu
    • DBN
    • 9
    • KHW
    • 721206
658 -Ujęcie treści [ , ]
    • a
    • dziedzina nauki i sztuki/ sfera aktywności życiowej
    • Gospodarka, ekonomia, finanse
700 -Hasło dodatkowe - nazwa osobowa [1, ]
    • a
    • Nazwa osobowa (NP)
    • Borowiecki, Albert. Find
    • e
    • Określenie rodzaju współpracy
    • Tłumaczenie
    • 9
    • KHW
    • 624837
710 -Hasło dodatkowe - nazwa ciała zbiorowego [2, ]
    • a
    • Nazwa ciała zbiorowego lub nazwa geograficzna jako pierwszy element (NP)
    • Zona Zero (Warszawa).
    • e
    • Rodzaj współpracy
    • Wydawca
    • 4
    • Kod relacji
    • pbl
    • 9
    • KHW
    • 397973
920 -ISBN [ , ]
    • a
    • ISBN
    • 978-83-66814-34-9 Find
Status udost. Numer inwentarzowy Data inwentaryzacji Lokalizacja
-2E.807312022-03-14BE
-2S.976852022-03-14BE
-3WM.273082022-05-04BG
1Z.1258222022-05-04BG